| 000 | 01163cam a22002054a 4500 | ||
|---|---|---|---|
| 005 | 20250605164208.0 | ||
| 008 | 250528s ||||||||||||||||||||||||d | ||
| 035 | _a20140 | ||
| 020 | _a9604490699 | ||
| 040 |
_aGR-AtMCL _bgre _dGR-AtMCL _eAACR2 |
||
| 245 | 1 | _aSocialist Register 2006 / Telling the Truth | |
| 260 |
_bSavalas Publications, _c2006 |
||
| 300 | _a336 | ||
| 520 | _aContributors, Preface, The Cynical State, The Truth about Capitalism Democracy, The ''Business Community'', The Truth about Welfare Reform, The ''Scholarly Myths'' of the New Law and Order Doxa, Telling the Truth at a Moment of Truth: US News Media and the Invasion and Occupation of Iraq,Propaganda-Managed Democracy: The UK and the Lessons of Iraq, Correcting Stiglitz: From Information to Power in the World of Development, Counting the Poor: The Truth about world poverty statistics, Playing with Truth: The Politics of Theatre, Postmodernism and the corruption of the Academic Intelligentsia, Telling the Truth about Class, On Telling the Truth, Index. | ||
| 700 | 1 |
_aLeys Colin _96190 |
|
| 700 | 1 |
_aPanitch Leo _95049 |
|
| 942 | _cBK | ||
| 999 |
_c5279 _d5279 |
||